000 00721nam a2200289Ia 4500
005 20260324124037.0
008 008 260324s9999 xx 000 0 eng d
020 _a9781315760209
037 _aEBOOK
040 _aCRL
040 _beng
040 _cCRL
041 _2eng
041 _aeng
084 _qCRL
100 _aLorraine Leeson; Svenja Wurm; Myriam Vermeerbergen
_91172628
245 0 _aSigned Language Interpreting
245 0 _bPreparation, Practice and Performance
260 _bTaylor and Francis
260 _c2011
365 _a
365 _b230
856 _uhttp://www.taylorfrancis.com/books/9781315760209
942 _cEBOOK
999 _c1766679
_d1766679